[Event "Zonal 2.3 (w)"]
[Site "Bridgetown BAR"]
[Date "2002.05.19"]
[Round "1"]
[White "Mazariegos Kummerfeldt, Silvia Carolina"]
[Black "Arribas Robaina, Maritza"]
[Result "0-1"]
[WhiteElo "2094"]
[BlackElo "2290"]
[EventDate "2002.05.19"]
[PlyCount "124"]

1.d4 Nf6 2.Nd2 d5 3.e3 c5 4.dxc5 Qa5 5.Nf3 Nc6 6.c3 Qxc5 7.Bd3 e6 8.O-O 
Be7 9.e4 O-O 10.Qe2 dxe4 11.Nxe4 Nxe4 12.Qxe4 f5 13.Qc4 Qxc4 14.Bxc4 Na5 
15.Be2 Bd6 16.Bg5 e5 17.Rad1 Bc7 18.Be7 e4 19.Ng5 Re8 20.Bb4 g6 21.Bd6 Bd8
22.Bb5 Nc6 23.Bc4+ Kg7 24.Bf4 Bf6 25.Nf7 Be6 26.Bxe6 Rxe6 27.Rd7 Re7 28.
Rxe7 Bxe7 29.Ne5 Rd8 30.Nxc6 bxc6 31.Re1 g5 32.Bc1 Kf6 33.Kf1 Rd3 34.Ke2 
Rd5 35.Rd1 Ra5 36.a3 Ke6 37.c4 Ra4 38.b3 Ra6 39.b4 c5 40.bxc5 Ra4 41.c6 
Rxc4 42.Be3 Rxc6 43.Bxa7 Bxa3 44.f3 exf3+ 45.Kxf3 g4+ 46.Ke2 Bd6 47.g3 
Rc2+ 48.Rd2 Rxd2+ 49.Kxd2 f4 50.gxf4 Bxf4+ 51.Ke2 Bxh2 52.Kf2 Kf5 53.Kg2 
Be5 54.Bf2 h5 55.Be1 Bf6 56.Bf2 h4 57.Be1 Bg5 58.Bf2 Kf4 59.Be1 g3 60.Kh3 
Be7 61.Kg2 Kg4 62.Kh1 Kf3 0-1

[Event "Zonal 2.3 (w)"]
[Site "Bridgetown BAR"]
[Date "2002.05.19"]
[Round "1"]
[White "Moncayo Romero, Evelyn"]
[Black "Mateus Urbano, Martha"]
[Result "0-1"]
[WhiteElo "2191"]
[BlackElo "2235"]
[EventDate "2002.05.19"]
[PlyCount "76"]

1.e4 c5 2.Nf3 d6 3.d4 Nf6 4.Nc3 cxd4 5.Nxd4 a6 6.Bg5 e6 7.f4 Be7 8.Qf3 Qc7
9.O-O-O h6 10.Bxf6 Bxf6 11.f5 O-O 12.h4 b5 13.g4 b4 14.Nce2 Nc6 15.Bg2 
Nxd4 16.Nxd4 Bd7 17.Qb3 Rac8 18.fxe6 fxe6 19.Nf5 d5 20.exd5 Qf4+ 21.Qe3 
Qc4 22.Nxh6+ gxh6 23.Be4 Qxa2 24.Qxh6 Qxb2+ 25.Kd2 Qc3+ 26.Kc1 Qa3+ 27.Kd2
Bc3+ 28.Ke2 Bb5+ 29.Bd3 Bxd3+ 30.Rxd3 Qb2 31.Rc1 Bg7 32.Qd2 Qe5+ 33.Re3 
Qh2+ 34.Kd1 Qg1+ 35.Qe1 Qxg4+ 36.Qe2 Rf1+ 37.Kd2 Bc3+ 38.Rxc3 bxc3+ 0-1

[Event "Zonal 2.3 (w)"]
[Site "Bridgetown BAR"]
[Date "2002.05.20"]
[Round "2"]
[White "Arribas Robaina, Maritza"]
[Black "Martinez Aleidi, Josefina"]
[Result "1-0"]
[WhiteElo "2290"]
[BlackElo "2191"]
[EventDate "2002.05.19"]
[PlyCount "57"]

1.e4 c5 2.Nf3 Nc6 3.Bb5 e6 4.O-O Qb6 5.Nc3 g6 6.Bxc6 dxc6 7.e5 f5 8.exf6 
Nxf6 9.Re1 Bg7 10.Ng5 O-O 11.d3 Nd5 12.Na4 Qa5 13.c4 Nf4 14.Bxf4 Rxf4 15.
Ne4 Bd4 16.Nac3 e5 17.Ne2 Bg4 18.Qb3 Bxe2 19.Qxb7 Qd8 20.Rxe2 Rb8 21.Qxc6 
Bxb2 22.Rb1 Qxd3 23.Qd5+ Qxd5 24.cxd5 Rb4 25.Nxc5 Rbd4 26.Nb3 Bc3 27.Rc2 
Rd3 28.Rbc1 Bd4 29.Re2 1-0

[Event "Zonal 2.3 (w)"]
[Site "Bridgetown BAR"]
[Date "2002.05.20"]
[Round "2"]
[White "Mateus Urbano, Martha"]
[Black "Pina Vega, Sulennis"]
[Result "0-1"]
[WhiteElo "2235"]
[BlackElo "2371"]
[EventDate "2002.05.19"]
[PlyCount "114"]

1.e4 c5 2.Nf3 d6 3.d4 cxd4 4.Nxd4 Nf6 5.Nc3 Nc6 6.Bc4 e6 7.Bb3 a6 8.O-O 
Be7 9.Be3 O-O 10.h3 Nxd4 11.Qxd4 b5 12.Rad1 Qc7 13.a3 Bb7 14.Rfe1 Rac8 15.
Kh1 Qc6 16.Bc1 Rfd8 17.f4 Qc5 18.f5 exf5 19.exf5 Qxf5 20.Rd3 Bf8 21.Qb6 
Rb8 22.Qg1 d5 23.Rf1 Qh5 24.Bf4 Bd6 25.Bxd6 Rxd6 26.Qa7 Rdd8 27.Qd4 Qg5 
28.h4 Qh6 29.Rg3 Rd6 30.Qa7 Nd7 31.Qd4 Nb6 32.Nd1 Nc4 33.Nf2 Rg6 34.Rxg6 
hxg6 35.Nh3 Qe3 36.Qg4 Bc8 37.Qf4 Rb7 38.Ng5 Qxf4 39.Rxf4 Re7 40.Rd4 Bb7 
41.Nf3 f6 42.Kg1 Kf7 43.Kf2 Ke6 44.Ne1 Nxb2 45.c3 Rc7 46.Rd2 Nc4 47.Re2+ 
Ne5 48.Re3 Kd6 49.Kg3 Re7 50.Nc2 Nc6 51.Rd3 Na5 52.Ba2 Re2 53.Nb4 Nc4 54.
Bxc4 bxc4 55.Rd4 a5 56.Kf3 Rb2 57.Rg4 d4+ 0-1

[Event "Zonal 2.3 (w)"]
[Site "Bridgetown BAR"]
[Date "2002.05.20"]
[Round "2"]
[White "Sanchez Castillo, Sarai"]
[Black "Moncayo Romero, Evelyn"]
[Result "1-0"]
[WhiteElo "2171"]
[BlackElo "2191"]
[EventDate "2002.05.19"]
[PlyCount "45"]

1.e4 c5 2.Nf3 e6 3.Nc3 d6 4.d4 cxd4 5.Nxd4 a6 6.Be2 Nf6 7.a4 Be7 8.O-O O-O
9.f4 Qc7 10.Kh1 Rd8 11.Qe1 Nc6 12.Nxc6 bxc6 13.Bd3 Rb8 14.Qg3 Kh8 15.e5 
Nd7 16.Qh3 g6 17.Ne4 d5 18.Ng5 Bxg5 19.fxg5 Kg8 20.Rf2 Kg7 21.Rxf7+ Kxf7 
22.Qxh7+ Kf8 23.Bxg6 1-0

[Event "Zonal 2.3 (w)"]
[Site "Bridgetown BAR"]
[Date "2002.05.20"]
[Round "2"]
[White "Zepeda Cortez, Lorena"]
[Black "Ortiz Aguirre, Nadya Karolina"]
[Result "0-1"]
[WhiteElo "2117"]
[BlackElo "2083"]
[EventDate "2002.05.19"]
[PlyCount "56"]

1.e4 e5 2.Bc4 Bc5 3.Nf3 Nc6 4.c3 Nf6 5.Qe2 O-O 6.b4 Bb6 7.Bb3 a6 8.d3 h6 
9.Nbd2 Ba7 10.Nf1 d5 11.a3 Be6 12.N1d2 Nh5 13.g3 Qd7 14.h3 Nf6 15.g4 dxe4 
16.Bxe6 Qxe6 17.dxe4 Rad8 18.g5 hxg5 19.Nxg5 Qd7 20.Ndf3 Qd3 21.Bd2 Qc2 
22.O-O Rd6 23.Rfc1 Qa4 24.Qc4 Bb6 25.Kg2 Nh5 26.Be3 Bxe3 27.fxe3 Qb5 28.
Qb3 Qe2+ 0-1

[Event "Zonal 2.3 (w)"]
[Site "Bridgetown BAR"]
[Date "2002.05.20"]
[Round "3"]
[White "Mazariegos Kummerfeldt, Silvia Carolina"]
[Black "Zepeda Cortez, Lorena"]
[Result "0-1"]
[WhiteElo "2094"]
[BlackElo "2084"]
[EventDate "2002.05.19"]
[PlyCount "84"]

1.f4 d5 2.Nf3 e6 3.e3 f5 4.b3 Nf6 5.Ba3 Bxa3 6.Nxa3 c6 7.Be2 Nbd7 8.Qc1 
Qe7 9.Qb2 O-O 10.Nb1 a5 11.a4 Re8 12.Ne5 Nxe5 13.fxe5 Ne4 14.O-O Qg5 15.
Rf3 Qh5 16.Qc1 g5 17.d3 g4 18.Rf4 Ng5 19.Nd2 Nf7 20.Qb2 Qh6 21.Raf1 Nh8 
22.R1f2 Ng6 23.Nf1 Nxf4 24.exf4 Bd7 25.d4 b5 26.axb5 cxb5 27.Ne3 Reb8 28.
Qb1 Qf8 29.Bxg4 fxg4 30.Nxg4 Ra7 31.Nf6+ Kh8 32.g4 Be8 33.f5 exf5 34.gxf5 
Rg7+ 35.Kh1 Bc6 36.Qd1 a4 37.Rg2 Rxg2 38.Kxg2 a3 39.Kf2 a2 40.Ke3 Qh6+ 41.
Kd3 Ra8 42.Ng4 Qh3+ 0-1

[Event "Zonal 2.3 (w)"]
[Site "Bridgetown BAR"]
[Date "2002.05.20"]
[Round "3"]
[White "Moncayo Romero, Evelyn"]
[Black "Arribas Robaina, Maritza"]
[Result "0-1"]
[WhiteElo "2188"]
[BlackElo "2291"]
[EventDate "2002.05.19"]
[PlyCount "34"]

1.e4 e5 2.Nf3 d6 3.d4 Nd7 4.dxe5 dxe5 5.Bc4 c6 6.O-O Be7 7.Nc3 Ngf6 8.a4 
O-O 9.Qe2 Qc7 10.Bg5 Nc5 11.Bh4 Bg4 12.h3 Bh5 13.Qe3 Ne6 14.Ne2 Bc5 15.Qc3
Nxe4 16.Qxe5 Bxf3 17.Qxc7 Nxc7 0-1

[Event "Zonal 2.3 (w)"]
[Site "Bridgetown BAR"]
[Date "2002.05.20"]
[Round "3"]
[White "Pina Vega, Sulennis"]
[Black "Sanchez Castillo, Sarai"]
[Result "0-1"]
[WhiteElo "2371"]
[BlackElo "2172"]
[EventDate "2002.05.19"]
[PlyCount "106"]

1.e4 e6 2.d3 c5 3.g3 Nc6 4.Bg2 g6 5.f4 Bg7 6.c3 d6 7.Ne2 Nge7 8.Be3 O-O 9.
O-O Qc7 10.Nd2 Rd8 11.Qc2 b6 12.Nf3 Ba6 13.Rad1 Rd7 14.g4 d5 15.e5 Rc8 16.
Bf2 d4 17.c4 Qb8 18.a4 Bb7 19.Ng3 f6 20.exf6 Bxf6 21.Qd2 Rf8 22.Ne4 Bg7 
23.Bg3 Qe8 24.Neg5 Nc8 25.Rde1 Re7 26.Ne5 Nd8 27.b3 Nd6 28.Bxb7 Rxb7 29.
Qg2 Re7 30.Bh4 Bf6 31.Qh3 h6 32.Ngf3 Bxh4 33.Nxh4 Rg7 34.Ng2 N8f7 35.Nxf7 
Nxf7 36.f5 gxf5 37.gxf5 e5 38.f6 Rg6 39.Qh5 Kh7 40.h4 Rfg8 41.Rf2 Qc6 42.
Qf5 Nd6 43.Qh3 Rg3 44.Qh2 Nf7 45.Kf1 Rxd3 46.Rxe5 Rf3 47.Rf5 Rxf5 48.Rxf5 
Qe4 49.Rf2 Qd3+ 50.Re2 Rg3 51.Nf4 Rf3+ 52.Kg1 Qb1+ 53.Kg2 Qxb3 0-1

[Event "Zonal 2.3 (w)"]
[Site "Bridgetown BAR"]
[Date "2002.05.21"]
[Round "4"]
[White "Arribas Robaina, Maritza"]
[Black "Pina Vega, Sulennis"]
[Result "1/2-1/2"]
[WhiteElo "2291"]
[BlackElo "2371"]
[EventDate "2002.05.19"]
[PlyCount "23"]

1.e4 b6 2.d4 Bb7 3.Nc3 e6 4.Nf3 d6 5.Bb5+ Nd7 6.O-O a6 7.Bxd7+ Qxd7 8.d5 
e5 9.Nh4 g6 10.f4 exf4 11.Bxf4 Bg7 12.Nf3 1/2-1/2

[Event "Zonal 2.3 (w)"]
[Site "Bridgetown BAR"]
[Date "2002.05.21"]
[Round "4"]
[White "Ortiz Aguirre, Nadya Karolina"]
[Black "Mazariegos Kummerfeldt, Silvia Carolina"]
[Result "0-1"]
[WhiteElo "2083"]
[BlackElo "2094"]
[EventDate "2002.05.19"]
[PlyCount "112"]

1.e4 Nf6 2.e5 Nd5 3.d4 d6 4.c4 Nb6 5.Nf3 Bg4 6.exd6 cxd6 7.Bd3 Nc6 8.Be3 
e6 9.O-O Qf6 10.Be2 d5 11.c5 Bxf3 12.Bxf3 Nc4 13.Nc3 Be7 14.Bxd5 exd5 15.
Nxd5 Qg6 16.Nc7+ Kd7 17.Nxa8 Nxe3 18.fxe3 Rxa8 19.Qb3 Ke8 20.Rf2 Nd8 21.
Raf1 Kf8 22.e4 Rc8 23.Qf3 Kg8 24.b4 b6 25.a3 bxc5 26.bxc5 Qc6 27.Rc2 Qa4 
28.Qd3 Ne6 29.Rc4 Qa6 30.Rfc1 h6 31.Qc3 Qb7 32.c6 Qa6 33.a4 Qb6 34.Kf1 a5 
35.d5 Nc7 36.Qf3 Bd6 37.Qf5 Re8 38.Qd7 Ba3 39.d6 Bxd6 40.Qxd6 Re6 41.Qd8+ 
Kh7 42.Qh4 Rf6+ 43.Ke2 Qb2+ 44.R1c2 Qb1 45.Qe1 Qb6 46.Rc5 Qa6+ 47.Ke3 Ne6 
48.Rd5 Qb6+ 49.Kd2 Qb4+ 50.Kd1 Qxa4 51.Qxa5 Qxe4 52.Re2 Qb1+ 53.Kd2 Qb2+ 
54.Ke3 Qb3+ 55.Rd3 Qc4 56.Qd5 Qf4# 0-1

[Event "Zonal 2.3 (w)"]
[Site "Bridgetown BAR"]
[Date "2002.05.21"]
[Round "4"]
[White "Zepeda Cortez, Lorena"]
[Black "Martinez Aleidi, Josefina"]
[Result "1/2-1/2"]
[WhiteElo "2084"]
[BlackElo "2181"]
[EventDate "2002.05.19"]
[PlyCount "103"]

1.e4 c5 2.Nf3 Nc6 3.d4 cxd4 4.Nxd4 Nf6 5.Nc3 e5 6.Ndb5 d6 7.Bg5 a6 8.Na3 
Be7 9.Bxf6 gxf6 10.Nd5 b5 11.c4 b4 12.Nc2 a5 13.Bd3 Be6 14.Nce3 Nd4 15.Bc2
O-O 16.f4 Kh8 17.f5 Bxd5 18.Nxd5 Rg8 19.g3 Bf8 20.Ba4 Rc8 21.Bb5 Rc5 22.
Qd3 Bg7 23.a4 b3 24.O-O Bh6 25.Rab1 Rc8 26.Nc3 Qb6 27.Kh1 Rg4 28.Nd5 Qd8 
29.Rfe1 Rb8 30.Qd1 Rg7 31.Qh5 Bg5 32.Red1 Nc2 33.Rd3 Nb4 34.Nxb4 axb4 35.
h4 Qc7 36.hxg5 Rxg5 37.Qh4 Rbg8 38.Rg1 Qb6 39.Rg2 R8g7 40.Rh2 Rg4 41.Qxf6 
Rxe4 42.Rd1 Rd4 43.Rxd4 Qxd4 44.Qh4 Qd1+ 45.Kg2 Qc2+ 46.Kh3 Qxf5+ 47.g4 
Qf1+ 48.Rg2 Qh1+ 49.Kg3 Qe1+ 50.Kh3 Qh1+ 51.Kg3 Qe1+ 52.Kh3 1/2-1/2

[Event "Zonal 2.3 (w)"]
[Site "Bridgetown BAR"]
[Date "2002.05.22"]
[Round "5"]
[White "Martinez Aleidi, Josefina"]
[Black "Ortiz Aguirre, Nadya Karolina"]
[Result "1-0"]
[WhiteElo "2181"]
[BlackElo "2083"]
[EventDate "2002.05.19"]
[PlyCount "131"]

1.e4 e5 2.Nf3 Nc6 3.d4 exd4 4.Nxd4 Bc5 5.Be3 Qf6 6.c3 Nge7 7.Bc4 Qg6 8.O-O
Qxe4 9.Bxf7+ Kxf7 10.Qh5+ Qg6 11.Qxc5 d6 12.Qc4+ Be6 13.Nxe6 Qxe6 14.Qb5 
Rab8 15.Nd2 Qd5 16.Qa4 Rhf8 17.Nf3 Kg8 18.Rad1 Qh5 19.Ng5 Kh8 20.Ne6 Rf6 
21.Nxc7 Ne5 22.Qe4 Nf5 23.Bf4 Nh4 24.Bg3 Nhf3+ 25.gxf3 Nxf3+ 26.Kg2 Rbf8 
27.Rd5 Ng5 28.Rxg5 Qxg5 29.Ne6 Qb5 30.Nxf8 Rxf8 31.Bxd6 Re8 32.Qb4 Qd5+ 
33.Kg1 Re4 34.Qa3 h5 35.Bg3 h4 36.Qf8+ Kh7 37.Qf3 hxg3 38.fxg3 Qc5+ 39.Kg2
Re5 40.Rf2 b6 41.h4 Qc4 42.b3 Qc5 43.g4 Re3 44.Qf4 Qc6+ 45.Kh2 Rxc3 46.g5 
Rc1 47.Qf5+ Qg6 48.Qf4 Rc3 49.Qd4 Rd3 50.Qf4 Qe6 51.Qf5+ Qxf5 52.Rxf5 Rd2+
53.Kg3 Rxa2 54.h5 Rd2 55.Rf7 Rd3+ 56.Kg4 Rd4+ 57.Kf5 Rd5+ 58.Kf4 Rd4+ 59.
Ke5 Rg4 60.Kf5 Rg3 61.Rxa7 Rxb3 62.h6 Rb5+ 63.Kg4 Rd5 64.Rxg7+ Kh8 65.Rb7 
Rd6 66.Kh5 1-0

[Event "Zonal 2.3 (w)"]
[Site "Bridgetown BAR"]
[Date "2002.05.22"]
[Round "5"]
[White "Mateus Urbano, Martha"]
[Black "Sanchez Castillo, Sarai"]
[Result "1-0"]
[WhiteElo "2235"]
[BlackElo "2172"]
[EventDate "2002.05.19"]
[PlyCount "111"]

1.e4 e6 2.d3 d5 3.Nd2 c5 4.Ngf3 Nc6 5.g3 Bd6 6.Bg2 Nge7 7.O-O O-O 8.Nh4 b5
9.f4 c4 10.f5 Bc5+ 11.Kh1 exf5 12.exf5 f6 13.c3 Bb6 14.d4 b4 15.Rf4 a5 16.
Nf1 g5 17.fxg6 hxg6 18.Rf2 g5 19.Nf3 Kg7 20.Ne3 Be6 21.Bd2 Rh8 22.Nf1 Qd6 
23.Qe2 Bg4 24.Re1 Rae8 25.Qd1 Rh7 26.Qc1 Bc7 27.Kg1 Reh8 28.Bxg5 Ng6 29.
Bxf6+ Qxf6 30.Ne5 Bxe5 31.Rxf6 Bxf6 32.Bxd5 Nce7 33.Bxc4 bxc3 34.bxc3 Rc8 
35.Ne3 Bf3 36.Qa3 Rh5 37.Rf1 Be4 38.Be6 Rc6 39.Bd7 Rb6 40.Nc4 Rb7 41.Qd6 
Nd5 42.Bc6 Rf7 43.Ne5 Bxe5 44.Rxf7+ Kxf7 45.Bxd5+ Bxd5 46.Qxd5+ Kf6 47.
dxe5+ Rxe5 48.Qd4 Kf5 49.c4 Re4 50.Qf2+ Kg5 51.c5 Ne5 52.Kg2 Ng4 53.h4+ 
Kg6 54.Qd2 Kf5 55.Qg5+ Ke6 56.Kf3 1-0

[Event "Zonal 2.3 (w)"]
[Site "Bridgetown BAR"]
[Date "2002.05.22"]
[Round "5"]
[White "Moncayo Romero, Evelyn"]
[Black "Zepeda Cortez, Lorena"]
[Result "1/2-1/2"]
[WhiteElo "2188"]
[BlackElo "2084"]
[EventDate "2002.05.19"]
[PlyCount "53"]

1.e4 d5 2.exd5 Qxd5 3.Nc3 Qa5 4.d4 c6 5.Bc4 Bf5 6.Nf3 Nd7 7.Bd2 e6 8.O-O 
Qc7 9.Qe2 Ngf6 10.Ne5 Bd6 11.Rfe1 O-O 12.Bb3 Nb6 13.h3 Nbd5 14.Nxd5 Nxd5 
15.c4 Nf6 16.c5 Bxe5 17.Qxe5 Qxe5 18.dxe5 Nd5 19.Rac1 Rfd8 20.Red1 h6 21.
Bc4 Rd7 22.Ba5 b6 23.Bxd5 cxd5 24.cxb6 axb6 25.Bxb6 Rxa2 26.b4 Rb2 27.Bc5 
1/2-1/2